000 00563nam a2200181Ia 4500
005 20250923145302.0
008 008 250917s9999 xx 000 0 eng d
037 _aTextual
040 _aDSWL
_beng
_cDSWL
041 _aeng
_2eng
084 _aYX:Z2:5.56, N72
_qDSWL
100 _aBone, Margaret
_9833683
245 0 _aYouth Service and Similar Provision for You People
_cby Margaret Bone
260 _aLondon
_bHer Majesty's Stationary Office
_c1972
300 _axviii,291p.
942 _cTEXL
_hYX:Z2:5.56, N72
999 _c1449477
_d1449477